000 00293nam a2200109Ia 4500
008 171211s9999 xx 000 0 und d
245 _aBuilding Colonial Cities of God
245 _cKaren Melvin
260 _c2012
650 _xRELIGION
856 _uhttp://down.ebook777.com/064/0804774862.pdf
999 _c350552
_d350552